000 00960nam a22002897a 4500
001 BR6004655
003 BR-BrBNA
005 20230928083213.0
007 ta
008 230509b bl.||||| |||| 00| 0 por d
040 _aBR-BrBNA
_bpor
_cBiblioteca Nacional de Agricultura
041 _a(Por)
072 _aF23
_b/G514
090 _ F23 BR6004655
100 1 _aKlant, E.
110 1 _aUniversidade Federal do Rio Grande do Sul, Porto Alegre (Brasil). Faculdade de Agronomia e Veterinaria
_0Tese (Magister Scientiae em Solos)
_911161
245 1 _aMorfologia, genese e classificacao de alguns solos do municipio de Ibiruba e regioes onde ocorrem [Brasil]
260 3 _aPorto Alegre, RS (Brasil):
_c1969.
300 _a94 p.
500 _a44 ref.; Summary (Por); Microficha
650 _aClassificacao do solo
650 _aSolo
650 _aPerfil do solo
650 _aRio Grande do Sul
909 _a202309
_bLucia
_c55
_dLucia Elande
942 _cBK
999 _c12132
_d12132